| 000 | 00000nam##2200000za#4500 |
| 001 | 9.695552 |
| 003 | CaOODSP |
| 005 | 20230202144025 |
| 007 | cr ||||||||||| |
| 008 | 150407|1994||||xxc|||||o f|0| 0 eng|d |
| 040 | |aCaOODSP|beng |
| 043 | |an-cn--- |
| 086 | 1 |aH72-21/121-1994E-PDF |
| 110 | 2 |aNational Clearinghouse on Family Violence (Canada). |
| 245 | 10|aIntergenerational conflict and the prevention of abuse against older persons : |h[electronic resource]|bfinal report to Health Canada / |cprepared by J.A. Tindale ... [et al.] |
| 260 | |aOttawa - Ontario : |bHealth Canada. |cc1994. |
| 300 | |a23p. |
| 500 | |aThe catalogue number (H72-21/121-1994E) and ISBN (0-662-22588-0) for the print edition have been incorrectly copied in this electronic publication. |
| 504 | |aBibliography. |
| 590 | |a12-08-Supp|b2012-03-16 |
| 690 | 07|aElder abuse|2gcpds |
| 690 | 07|aFamily violence|2gcpds |
| 720 | 1 |aTindale, J. A. |
| 775 | 08|tConflit de générations et prévention des mauvais traitement envers les aînés : |w(CaOODSP)9.639687 |
| 776 | 0#|tIntergenerational conflict and the prevention of abuse against older persons : |w(CaOODSP)9.645672 |
| 856 | 40|ahttp://publications.gc.ca|qPDF|s64 KB|uhttps://publications.gc.ca/collections/Collection/H72-21-121-1994E.pdf |